000 00883nam0a22002651 4500
001 rc\4957478
005 20250613050022.0
021 _aRU
_b[57-27018]
035 _a(NLR Aleph) 008956152
090 _a9034486
_c9034486
100 _a20130426d1957 |||y0rusy50 ca
101 0 _arus
102 _aRU
105 _aa z |||||
200 1 _aПеревозка почты
_e[Учеб. пособие для техникумов связи]
210 _aМосква
_cСвязьиздат
_d1957
215 _a195 с.
_cил.
_d23
606 _aПочтовые перевозки
_jУчебники и пособия
_2psbo
700 1 _aРадухин
_bВ.И.
_gВениамин Иванович
701 1 _aСтась
_bН.Д.
_gНиколай Данилович
801 0 _aRU
_bNLR
_gpsbo
801 1 _aRU
_bELAR
_2rusmarc
852 _aNLR
_j57-5/1949
942 _cBOOK
980 _aNB